[Event "Moscow Time of the First U13 Girls"]
[Site "Moscow"]
[Date "2019.06.19"]
[Round "3"]
[White "Kalenichenko, Alina"]
[Black "Sannikova, Anna"]
[Result "1-0"]
[WhiteElo "1492"]
[BlackElo "1403"]
[PlyCount "75"]
[EventDate "2019.06.17"]
[EventType "swiss"]
[EventRounds "9"]
[EventCountry "RUS"]
[SourceTitle "EXT 2021"]
[Source "ChessBase"]
[SourceDate "2020.10.23"]
[SourceVersion "1"]
[SourceVersionDate "2020.10.23"]
[SourceQuality "1"]

1. d4 Nf6 2. c4 e6 3. Nc3 Bb4 4. e3 Bxc3+ 5. bxc3 d6 6. Bd3 Nbd7 7. Nf3 Qe7 8. Qe2 e5 9. e4 h6 10. 0-0 b6 11. Nh4 g6 12. f4 Bb7 13. fxe5 dxe5 14. d5 Kf8 15. a4 Kg7 16. a5 Nc5 17. Ba3 Nfd7 18. g3 Qe8 19. Rf2 Ba6 20. Raf1 Rf8 21. Qe3 f6 22. Be2 Rh8 23. Bxc5 bxc5 24. Rd1 Qf8 25. Bg4 Nb8 26. Qe2 h5 27. Be6 Qd6 28. Rdf1 Rf8 29. Bf5 Bc8 30. Nxg6 Rg8 31. Qxh5 Bxf5 32. Rxf5 Nd7 33. g4 Rad8 34. g5 a6 35. Qh6+ Kf7 36. Nxe5+ Nxe5 37. Rxf6+ Ke7 38. Qh7+ 1-0

[Event "Moscow Time of the First U13 Girls"]
[Site "Moscow"]
[Date "2019.06.18"]
[Round "2"]
[White "Vervein, Eva"]
[Black "Kalenichenko, Alina"]
[Result "0-1"]
[WhiteElo "1294"]
[BlackElo "1492"]
[PlyCount "119"]
[EventDate "2019.06.17"]
[EventType "swiss"]
[EventRounds "9"]
[EventCountry "RUS"]
[SourceTitle "EXT 2021"]
[Source "ChessBase"]
[SourceDate "2020.10.23"]
[SourceVersion "1"]
[SourceVersionDate "2020.10.23"]
[SourceQuality "1"]

1. e4 c5 2. Nf3 e6 3. d3 g6 4. g3 Bg7 5. Bg2 Ne7 6. 0-0 0-0 7. Nbd2 Nbc6 8. Re1 d5 9. c3 e5 10. a3 d4 11. c4 a6 12. Nf1 b5 13. b3 Rb8 14. Bd2 f5 15. Bg5 fxe4 16. Rxe4 Bf5 17. Re1 h6 18. Bxe7 Qxe7 19. N3d2 Qf6 20. Qe2 bxc4 21. bxc4 Rb2 22. Ne4 Bxe4 23. Qxb2 Bxd3 24. Bd5+ Kh7 25. Qd2 e4 26. Bxe4 Bxe4 27. Rxe4 Ne5 28. Qe2 d3 29. Qe3 Nf3+ 30. Kh1 Qxa1 31. Kg2 Ng5 32. Rf4 Rxf4 33. gxf4 Nf7 34. Qxd3 Qd4 35. Qxd4 Bxd4 36. Kf3 Nd6 37. Nd2 Bc3 38. Nb3 Nb7 39. Ke4 Bb2 40. a4 Bc3 41. Kd5 Bb4 42. Kc6 Nd8+ 43. Kd5 Nb7 44. Kc6 Na5+ 45. Nxa5 Bxa5 46. Kxc5 Bc7 47. h3 Bxf4 48. Kb6 g5 49. c5 Kg6 50. c6 Kf5 51. c7 Bxc7+ 52. Kxc7 g4 53. hxg4+ Kxg4 54. Kb6 h5 55. Kxa6 h4 56. Kb7 h3 57. a5 h2 58. f3+ Kf5 59. a6 h1Q 60. a7 0-1